Statistics for Scioly Fossils ID

Click here to take the quiz!

General Stats

  • This quiz has been taken 29 times
  • The average score is 37 of 116

Answer Stats

Answer% Correct
Spinosaurus
77%
Triceratops
69%
Tyrannosaurus
69%
Dunkleosteus
62%
Dimetrodon
54%
Parasaurolophus
54%
Stegosaurus
54%
Acer
46%
Ankylosaurus
46%
Brachiosaurus
46%
Cryptolithus
46%
Diplodocus
46%
Exogyra
46%
Homo sapiens
46%
Isotelus
46%
Mammut
46%
Mammuthus
46%
Pachycephalosaurus
46%
Smilodon
46%
Titanis
46%
Turritella
46%
Velociraptor
46%
Xiphactinus
46%
Acanthostega
38%
Allosaurus
38%
Atrypa
38%
Australopithecus
38%
Conus
38%
Diplocaulus
38%
Equus
38%
Eryops
38%
Heliophyllum
38%
Hydnoceras
38%
Latimeria
38%
Lystrosaurus
38%
Mesohippus
38%
Mucrospirifer
38%
Otodus
38%
Populus
38%
Protoceratops
38%
Rafinesquina
38%
Rhombopora
38%
Tiktaalik
38%
Worthenia
38%
Archimedes
31%
Asteroidea
31%
Baculites
31%
Batoidea
31%
Belemnitella
31%
Calymene
31%
Coelophysis
31%
Crinoidea
31%
Cypraea
31%
Deinonychus
31%
Echinoidea
31%
Eldredgeops
31%
Elrathia
31%
Ginkgo
31%
Glossopteris
31%
Graptoloidea
31%
Gryphaea
31%
Hexagonaria
31%
Homo erectus
31%
Iguanodon
31%
Juresania
31%
Knightia
31%
Lingula
31%
Metasequoia
31%
Nummulites
31%
Pecten
31%
Pentremites
31%
Plateosaurus
31%
Platystrophia
31%
Plesiosauria
31%
Pterosauria
31%
Testudines
31%
Apatosaurus
23%
Archaeopteryx
23%
Astarte
23%
Basilosaurus
23%
Carcharocles
23%
Crocodilia
23%
Dactylioceras
23%
Dendroidea
23%
Dilophosaurus
23%
Eurypterus
23%
Eusthenopteron
23%
Goniatitida
23%
Halysites
23%
Hesperornis
23%
Homo neanderthalensis
23%
Lepidodendron
23%
Mosasauridae
23%
Nucula
23%
Ophiuroidea
23%
Orthocerida
23%
Patagotitan
23%
Peronopsis
23%
Platanus
23%
Platyceras
23%
Astraeospongia
15%
Bothriolepis
15%
Composita
15%
Glycymeris
15%
Gorgonops
15%
Ichthyosauria
15%
Leptaena
15%
Maiasaura
15%
Merycoidodon
15%
Nautilida
15%
Psaronius
15%
Septastrea
15%
Triticites
15%
Calamites
8%
Ceratitida
8%
Favosites
8%

Score Distribution

Percentile by Number Answered

Percent of People with Each Score

Your Score History

You have not taken this quiz